[Event "Online Olym Div2 B 2020"]
[Site "chess.com INT"]
[Date "2020.08.16"]
[Round "7.3"]
[Board "4"]
[White "Peptan, Corina-Isabela"]
[Black "Lahav, Michal"]
[Result "1-0"]
[WhiteTitle "IM"]
[BlackTitle "WIM"]
[WhiteElo "2392"]
[BlackElo "2239"]
[WhiteTeam "Romania"]
[BlackTeam "Israel"]
[WhiteFideId "1201930"]
[BlackFideId "2813742"]
[EventDate "2020.08.14"]
[EventType "team"]

1. d4 Nf6 2. c4 c5 3. Nf3 cxd4 4. Nxd4 g6 5. Nc3 Bg7 6. g3 Nc6 7. Bg2 O-O 8. O-O
Nxd4 9. Qxd4 d6 10. Bd2 Bf5 11. Qh4 Rc8 12. Rac1 b6 13. b3 Re8 14. h3 Bd7 15.
Bg5 Bc6 16. Nd5 Bxd5 17. cxd5 Qd7 18. Qf4 Qb5 19. Qd2 Rc5 20. Be3 Rcc8 21. Rc6
Rxc6 22. dxc6 d5 23. Rc1 Rc8 24. c7 e6 25. Bd4 Ne8 26. Bxg7 Kxg7 27. e4 Nxc7 28.
exd5 exd5 29. Bxd5 Rd8 30. Qc3+ Kg8 31. Bxf7+ Kxf7 32. Qxc7+ Rd7 33. Qc4+ Qxc4
34. Rxc4 Ke6 35. h4 Rd2 36. Ra4 a5 37. Kg2 Ke5 38. Kf3 Rc2 39. Re4+ Kd5 40. Re2
Rc3+ 41. Kf4 h6 42. Rd2+ Ke6 43. f3 Rc5 44. g4 g5+ 45. hxg5 hxg5+ 46. Ke4 Re5+
47. Kd3 Rd5+ 48. Kc3 Rc5+ 49. Kb2 Ke5 50. Rd8 Kf4 51. Rf8+ Kg3 52. Rf5 Rc6 53.
Rxg5 Kxf3 54. Ka3 Kf4 55. Rg8 Rc2 56. Rb8 Rc6 57. Ka4 Kxg4 58. Kb5 Rc2 59. a4
Rc3 60. Rxb6 Rxb3+ 61. Kxa5 Ra3 62. Rf6 Kg5 63. Rf1 Rb3 64. Ka6 Rb8 65. Ka7 Rb2
66. a5 Kg6 67. a6 Kg5 68. Ka8 Kg6 69. Rf8 Kg7 70. Rb8 Ra2 71. a7 Kf7 72. Kb7
Rb2+ 73. Kc6 Rc2+ 74. Kd5 1-0

[Event "Online Olym Div2 B 2020"]
[Site "chess.com INT"]
[Date "2020.08.16"]
[Round "7.3"]
[Board "5"]
[White "Gorodetzky, David"]
[Black "Deac, Bogdan-Daniel"]
[Result "0-1"]
[WhiteTitle "IM"]
[BlackTitle "GM"]
[WhiteElo "2489"]
[BlackElo "2625"]
[WhiteTeam "Israel"]
[BlackTeam "Romania"]
[WhiteFideId "2813416"]
[BlackFideId "1226380"]
[EventDate "2020.08.14"]
[EventType "team"]

1. c4 e6 2. Nc3 d5 3. d4 c6 4. e4 dxe4 5. Nxe4 Bb4+ 6. Bd2 Qxd4 7. Bxb4 Qxe4+ 8.
Ne2 Nd7 9. Qd6 a5 10. Bc3 Ngf6 11. b3 Qf5 12. f3 Qc5 13. Qd2 O-O 14. g4 e5 15.
Ng3 Ne8 16. Bd3 Nc7 17. Rd1 Ne6 18. Bf5 Nd4 19. Bxd4 exd4 20. Qxd4 Qxd4 21. Rxd4
Nc5 22. Kf2 g6 23. Bc2 Be6 24. Rhd1 b5 25. cxb5 cxb5 26. h4 Rfc8 27. R1d2 b4 28.
g5 a4 29. Rxb4 axb3 30. Bxb3 Bxb3 31. axb3 Rab8 32. Rxb8 Rxb8 33. Rd5 Nxb3 34.
Ne4 Ra8 35. h5 gxh5 36. Nf6+ Kf8 37. Kg3 Na5 38. Nxh7+ Kg7 39. Nf6 Kg6 40. Ne4
Nc4 41. Rc5 Ne3 42. Rc6+ Kg7 43. Nf6 Rh8 44. f4 Nf5+ 45. Kh3 Nd4 46. Rc4 Ne6 47.
Kh4 Kg6 48. Nd5 Re8 49. Re4 Ng7 50. Ne7+ Kh7 51. Re5 Rxe7 52. Rxe7 Nf5+ 53. Kxh5
Nxe7 54. Kh4 Kg7 55. Kg3 Kg6 56. Kg4 Nf5 57. Kf3 Ng7 58. Ke4 Nh5 59. Ke5 Ng3 60.
Kd6 Ne4+ 61. Ke7 Kg7 62. Kd7 Nf2 63. f5 Ne4 64. g6 f6 65. Ke7 Nc3 66. Ke6 Ne2
67. Kd5 Ng3 68. Ke6 Nh5 69. Kd5 Kh6 70. Ke6 Kg5 71. Kf7 Kxf5 0-1

[Event "Online Olym Div2 B 2020"]
[Site "chess.com INT"]
[Date "2020.08.16"]
[Round "7.3"]
[Board "6"]
[White "Lehaci, Miruna-Daria"]
[Black "Katkov, Michelle"]
[Result "1-0"]
[WhiteTitle "WFM"]
[BlackTitle "WFM"]
[WhiteElo "2223"]
[BlackElo "2144"]
[WhiteTeam "Romania"]
[BlackTeam "Israel"]
[WhiteFideId "1234765"]
[BlackFideId "2816393"]
[EventDate "2020.08.14"]
[EventType "team"]

1. e4 e5 2. Nf3 Nc6 3. Bb5 a6 4. Ba4 Nf6 5. d3 b5 6. Bb3 Bc5 7. O-O d6 8. Nc3
Na5 9. Be3 Bxe3 10. fxe3 Nxb3 11. axb3 Bd7 12. Qd2 O-O 13. b4 Qe7 14. h3 c5 15.
bxc5 dxc5 16. Qf2 a5 17. Nh4 Rfd8 18. Nf5 Bxf5 19. Qxf5 b4 20. Ne2 c4 21. dxc4
Rd2 22. Ng3 Rxc2 23. b3 Qc5 24. Nh5 Qxe3+ 25. Kh1 Qe2 26. Nxf6+ gxf6 27. Rg1 Kg7
28. Raf1 Ra6 29. Rf3 Rc3 30. Qg4+ Kh6 31. Rxf6+ Rxf6 32. Qxe2 Rxb3 33. Qd2+ Kg7
34. Ra1 Rg6 35. Rxa5 Rb1+ 36. Kh2 b3 37. Rxe5 b2 38. Rb5 Rf6 39. Rxb2 Rbf1 40.
Qg5+ Rg6 41. Qe5+ Kh6 42. Rc2 Ra6 43. c5 Raa1 44. c6 Rh1+ 45. Kg3 Ra3+ 46. Rc3
Ra8 47. c7 Rg8+ 48. Kf2 Rb1 49. Rc6+ Rg6 50. Rxg6+ fxg6 51. c8=Q 1-0

[Event "Online Olym Div2 B 2020"]
[Site "chess.com INT"]
[Date "2020.08.16"]
[Round "7.4"]
[Board "1"]
[White "Kantans, Toms"]
[Black "Tin, Jingyao"]
[Result "1-0"]
[WhiteTitle "GM"]
[BlackTitle "IM"]
[WhiteElo "2499"]
[BlackElo "2464"]
[WhiteTeam "Latvia"]
[BlackTeam "Singapore"]
[WhiteFideId "11602945"]
[BlackFideId "5804418"]
[EventDate "2020.08.14"]
[EventType "team"]

1. e4 e5 2. Nf3 Nc6 3. Bb5 a6 4. Ba4 Nf6 5. O-O b5 6. Bb3 Bc5 7. a4 Rb8 8. axb5
axb5 9. Nxe5 Nxe5 10. d4 Bxd4 11. Qxd4 d6 12. f4 Nc6 13. Qc3 Ne7 14. e5 Ne4 15.
Qe1 Nc5 16. Ba2 Bf5 17. b4 Ne6 18. Bb2 O-O 19. exd6 Qxd6 20. Na3 Ng6 21. Qc3
Ngxf4 22. Rxf4 Qxf4 23. Bxe6 Qg5 24. Bxf5 Rfe8 25. h4 Qh6 26. Rf1 f6 27. Nxb5
Qxh4 28. Nd4 Kh8 29. b5 Rbd8 30. Ne6 Rd6 31. Qxc7 Rdxe6 32. Bxe6 Qb4 33. Qc6 Rf8
34. Bb3 1-0

[Event "Online Olym Div2 B 2020"]
[Site "chess.com INT"]
[Date "2020.08.16"]
[Round "7.4"]
[Board "2"]
[White "Liu, Xiangyi"]
[Black "Miezis, Normunds"]
[Result "0-1"]
[WhiteTitle "IM"]
[BlackTitle "GM"]
[WhiteElo "2377"]
[BlackElo "2483"]
[WhiteTeam "Singapore"]
[BlackTeam "Latvia"]
[WhiteFideId "8605718"]
[BlackFideId "11600136"]
[EventDate "2020.08.14"]
[EventType "team"]

1. e4 c5 2. Nf3 e6 3. g3 Nc6 4. Bg2 e5 5. O-O d6 6. c3 Nf6 7. d4 cxd4 8. cxd4
Bg4 9. dxe5 dxe5 10. Qa4 Bxf3 11. Bxf3 Bc5 12. Nc3 O-O 13. Bg2 Nd4 14. Bg5 h6
15. Bxf6 Qxf6 16. Nd5 Qd8 17. Kh1 Rc8 18. Qd1 Bd6 19. f4 Rc2 20. Qh5 f6 21. Qg6
Kh8 22. Rad1 Qe8 23. Qg4 Rxb2 24. fxe5 Bxe5 25. Nf4 Bxf4 26. Rxd4 Be5 27. Rd7 f5
28. Qd1 Rxa2 29. exf5 b5 30. Qd5 Ra1 31. Rxa1 Bxa1 32. Be4 Bf6 33. Rxa7 b4 34.
Rb7 Qa4 35. Kg2 Re8 36. Qc4 Qd1 37. Rxb4 Rd8 38. Kh3 Qh5+ 39. Kg2 Rd2+ 40. Kf1
Qd1# 0-1

[Event "Online Olym Div2 B 2020"]
[Site "chess.com INT"]
[Date "2020.08.16"]
[Round "7.4"]
[Board "3"]
[White "Rogule, Laura"]
[Black "Gong, Qianyun"]
[Result "0-1"]
[WhiteTitle "WGM"]
[BlackTitle "WGM"]
[WhiteElo "2297"]
[BlackElo "2333"]
[WhiteTeam "Latvia"]
[BlackTeam "Singapore"]
[WhiteFideId "11601876"]
[BlackFideId "8602425"]
[EventDate "2020.08.14"]
[EventType "team"]

1. c4 Nf6 2. Nf3 b6 3. g3 Bb7 4. d4 g6 5. Bg2 Bg7 6. O-O O-O 7. Re1 d6 8. b3
Nbd7 9. Bb2 a6 10. Nbd2 Re8 11. e4 e5 12. d5 Nc5 13. Qc2 a5 14. a3 Qd7 15. b4
Na4 16. c5 bxc5 17. bxc5 Nxc5 18. Nxe5 Qa4 19. Rac1 Qxc2 20. Rxc2 Na4 21. Nef3
Nxb2 22. Rxb2 Ba6 23. Rc2 Ra7 24. Rec1 Nxe4 25. Nxe4 Rxe4 26. Rxc7 Rxc7 27. Rxc7
Rc4 28. Rxc4 Bxc4 29. Nd2 Ba2 30. Kf1 a4 31. Ke2 Bb2 32. Kd3 Bxa3 33. Kc2 f5 34.
Bf3 Kg7 35. g4 Kf6 36. h4 Ke5 37. gxf5 gxf5 38. h5 Bxd5 39. Be2 Bc5 40. f3 Kd4
41. Bd3 a3 42. Bxf5 h6 43. Be4 Bb4 44. Nb3+ Ke5 45. Bxd5 Kxd5 46. Kd3 a2 47. Kc2
Ba3 48. Na1 Kc4 49. f4 d5 50. f5 d4 51. f6 d3+ 52. Kd2 Bb4+ 53. Kd1 Kc3 54. Kc1
Ba3+ 55. Kd1 Kb2 0-1

[Event "Online Olym Div2 B 2020"]
[Site "chess.com INT"]
[Date "2020.08.16"]
[Round "7.4"]
[Board "4"]
[White "Liu, Yang Hazel"]
[Black "Krumina, Linda"]
[Result "1/2-1/2"]
[WhiteTitle "WFM"]
[BlackTitle "WFM"]
[WhiteElo "2046"]
[BlackElo "2065"]
[WhiteTeam "Singapore"]
[BlackTeam "Latvia"]
[WhiteFideId "5800919"]
[BlackFideId "11601701"]
[EventDate "2020.08.14"]
[EventType "team"]

1. d4 Nf6 2. Nc3 g6 3. e4 d6 4. Bf4 Bg7 5. Qd2 O-O 6. O-O-O Nc6 7. Nf3 Bg4 8.
Qe3 Nh5 9. Bg5 Qd7 10. d5 Nb4 11. Kb1 a5 12. Be2 e6 13. a3 exd5 14. axb4 axb4
15. Nxd5 Qa4 16. Kc1 Qa1+ 17. Kd2 Qxb2 18. Qb3 Qxb3 19. cxb3 Ra2+ 20. Ke3 f6 21.
Bf4 Nxf4 22. Nxf4 Re8 23. Nd4 Bxe2 24. Ndxe2 f5 25. f3 Ra3 26. Rd3 fxe4 27. fxe4
Be5 28. g3 c5 29. Rf1 Rea8 30. Nd5 Ra2 31. Nf6+ Kg7 32. Nd7 Rb2 33. Nxe5 dxe5
34. Nc1 Rxh2 35. Rd7+ Kh6 36. Rff7 Kg5 37. Rde7 Ra1 38. Rxe5+ Kh6 39. Rxc5 Rg2
40. Kf3 Rg1 41. Rcc7 Rf1+ 42. Kg4 Rxf7 43. Rxf7 Rxc1 44. Rxb7 Rb1 45. Rxb4 Kg7
46. Rb6 h6 47. e5 Kf7 48. b4 Rb3 49. Kf4 h5 50. Rb7+ Ke6 51. Rb6+ Kd5 52. Rxg6
Rxb4+ 53. Kf5 Rb3 54. Rd6+ Kc5 55. Rh6 Rxg3 56. Rxh5 Kd5 57. Rh1 Rf3+ 58. Kg4
Re3 59. Kf4 Re4+ 1/2-1/2

[Event "Online Olym Div2 B 2020"]
[Site "chess.com INT"]
[Date "2020.08.16"]
[Round "7.4"]
[Board "5"]
[White "Batashevs, Arsens"]
[Black "Lee, Qing Aun"]
[Result "0-1"]
[BlackTitle "FM"]
[WhiteElo "2149"]
[BlackElo "2262"]
[WhiteTeam "Latvia"]
[BlackTeam "Singapore"]
[WhiteFideId "11603593"]
[BlackFideId "5804167"]
[EventDate "2020.08.14"]
[EventType "team"]

1. Nf3 d5 2. b3 Bf5 3. Bb2 e6 4. e3 Nf6 5. c4 h6 6. Be2 Be7 7. Nc3 O-O 8. O-O
Nbd7 9. cxd5 exd5 10. Rc1 c6 11. Nd4 Bh7 12. f4 Ne4 13. Nxe4 dxe4 14. Bg4 Bf6
15. Qc2 Re8 16. b4 a6 17. Qb3 Nb6 18. Rc5 Nd5 19. Rfc1 Nxf4 20. Nxc6 Qxd2 21.
R5c2 Qd6 22. Bxf6 Qxf6 23. Rf1 bxc6 24. Rxf4 Qe7 25. Rxc6 Rf8 26. Qc4 Rab8 27.
a3 a5 28. Rc7 Qe8 29. Rcxf7 Rxf7 30. Rxf7 Kh8 31. Qc7 Qg8 32. Be6 Re8 33. Bc4
Rc8 34. Qe7 Bg6 35. bxa5 Bxf7 36. Bxf7 Rc1+ 37. Kf2 Qb8 38. Qxe4 Rc8 39. Bh5
Rf8+ 40. Bf3 Qb2+ 41. Kg3 Qb8+ 42. Kh3 Qc8+ 43. Qg4 Qa6 44. Be4 Re8 45. Qf5 Kg8
46. Qh7+ Kf7 47. Bd5+ Kf6 48. Be4 Qe6+ 49. g4 Qxe4 0-1

[Event "Online Olym Div2 B 2020"]
[Site "chess.com INT"]
[Date "2020.08.16"]
[Round "7.4"]
[Board "6"]
[White "Rice, Lauren"]
[Black "Golsta, Ramona"]
[Result "1-0"]
[WhiteElo "1514"]
[BlackElo "1708"]
[WhiteTeam "Singapore"]
[BlackTeam "Latvia"]
[WhiteFideId "5824591"]
[BlackFideId "11607394"]
[EventDate "2020.08.14"]
[EventType "team"]

1. c4 Nf6 2. Nc3 e6 3. e4 d5 4. cxd5 exd5 5. e5 Nfd7 6. d4 c6 7. Nf3 Be7 8. Bd3
O-O 9. O-O Nb6 10. Rb1 Bg4 11. Qc2 h6 12. Kh1 Bxf3 13. gxf3 Bg5 14. f4 Bh4 15.
Rg1 Nc4 16. f5 Nd7 17. Bxh6 g6 18. fxg6 f6 19. g7 Re8 20. Bh7+ Kf7 21. g8=Q+
Rxg8 22. Bxg8+ 1-0

[Event "Online Olym Div2 B 2020"]
[Site "chess.com INT"]
[Date "2020.08.16"]
[Round "7.5"]
[Board "1"]
[White "Hamitevici, Vladimir"]
[Black "Severino, Sander"]
[Result "1/2-1/2"]
[WhiteTitle "GM"]
[BlackTitle "FM"]
[WhiteElo "2461"]
[BlackElo "2364"]
[WhiteTeam "Moldova"]
[BlackTeam "IPCA"]
[WhiteFideId "13902393"]
[BlackFideId "5204100"]
[EventDate "2020.08.14"]
[EventType "team"]

1. c4 e5 2. d3 c5 3. g3 Nc6 4. Bg2 g6 5. Nc3 Bg7 6. e3 Nge7 7. Nge2 d6 8. a3 O-O
9. O-O Be6 10. b4 Rc8 11. Rb1 b6 12. Nd5 Qd7 13. Nec3 f5 14. f4 Bf7 15. Qa4 Rfd8
16. Bb2 Nxd5 17. Nxd5 Ne7 18. Qxd7 Rxd7 19. fxe5 Nxd5 20. e6 Bxe6 21. cxd5 Bf7
22. e4 cxb4 23. axb4 Bxb2 24. Rxb2 Rc3 25. Bh3 Re7 26. exf5 gxf5 27. Bxf5 Bxd5
28. Rf4 Rc1+ 29. Kf2 Rh1 30. Rg4+ Kh8 31. Rh4 Ree1 32. Be4 Rhf1+ 33. Kg2 Rg1+
34. Kf3 Rgf1+ 35. Kg2 Rg1+ 36. Kf3 Rgf1+ 37. Kg2 1/2-1/2

[Event "Online Olym Div2 B 2020"]
[Site "chess.com INT"]
[Date "2020.08.16"]
[Round "7.5"]
[Board "2"]
[White "Obodchuk, Andrei"]
[Black "Schitco, Ivan"]
[Result "0-1"]
[WhiteTitle "IM"]
[BlackTitle "IM"]
[WhiteElo "2299"]
[BlackElo "2467"]
[WhiteTeam "IPCA"]
[BlackTeam "Moldova"]
[WhiteFideId "4114310"]
[BlackFideId "13905465"]
[EventDate "2020.08.14"]
[EventType "team"]

1. d4 d5 2. c4 c6 3. Nf3 Nf6 4. e3 e6 5. Bd3 dxc4 6. Bxc4 Nbd7 7. O-O Bd6 8. Qe2
O-O 9. e4 e5 10. dxe5 Nxe5 11. Nxe5 Bxe5 12. h3 Re8 13. Rd1 Qc7 14. Bd3 Bf5 15.
Nd2 Rad8 16. Re1 Bh2+ 17. Kf1 Bf4 18. Qf3 Bxd2 19. Bxd2 Bxe4 20. Bxe4 Rxd2 21.
Bd3 Rd8 22. Bc4 b5 23. Be2 Qh2 24. g4 Nd5 25. Qg2 Qxg2+ 26. Kxg2 Nf4+ 27. Kf3
Nxh3 28. Rac1 Ng5+ 29. Ke3 Rxb2 30. Rxc6 g6 31. Ra6 Re8+ 32. Kd3 Nh3 33. Rf6
Rxa2 34. Rh1 Rexe2 35. Rxh3 Rxf2 0-1

[Event "Online Olym Div2 B 2020"]
[Site "chess.com INT"]
[Date "2020.08.16"]
[Round "7.5"]
[Board "3"]
[White "Gitu, Paula-Alexandra"]
[Black "Aleksandrova, Aleksandra"]
[Result "0-1"]
[WhiteTitle "WFM"]
[BlackTitle "WFM"]
[WhiteElo "2113"]
[BlackElo "1791"]
[WhiteTeam "Moldova"]
[BlackTeam "IPCA"]
[WhiteFideId "13904620"]
[BlackFideId "4144198"]
[EventDate "2020.08.14"]
[EventType "team"]

1. e4 d6 2. d4 c6 3. Nc3 Nd7 4. a4 Qc7 5. Nf3 e5 6. Bc4 Be7 7. O-O Ngf6 8. Re1
a5 9. h3 O-O 10. Bg5 Nb6 11. Bb3 Bd7 12. Qe2 Rae8 13. Rad1 Bd8 14. dxe5 dxe5 15.
Rd2 Be6 16. Bxe6 Rxe6 17. Red1 Be7 18. b3 Nh5 19. Be3 Rg6 20. Nh2 Nf4 21. Bxf4
exf4 22. Rd3 Qe5 23. Qf3 f5 24. exf5 Qxf5 25. Ne2 Bc5 26. Kf1 Re6 27. c4 Re7 28.
Nc3 Rfe8 29. g4 Qf6 30. Kg2 Bb4 31. Nf1 Bxc3 32. Rxc3 Nd7 33. Nd2 Ne5 34. Qe4
Nxg4 35. Qd3 Nxf2 36. Kxf2 Qh4+ 37. Kf1 Re3 38. Qf5 Rxc3 39. Ne4 Rf3+ 40. Ke2
Qxh3 41. Qxh3 Rxh3 42. Rd4 Re3+ 0-1

[Event "Online Olym Div2 B 2020"]
[Site "chess.com INT"]
[Date "2020.08.16"]
[Round "7.5"]
[Board "4"]
[White "Jennitha, Anto K."]
[Black "Verbin, Valentina"]
[Result "0-1"]
[WhiteTitle "WIM"]
[WhiteElo "2001"]
[BlackElo "1982"]
[WhiteTeam "IPCA"]
[BlackTeam "Moldova"]
[WhiteFideId "5018218"]
[BlackFideId "13905910"]
[EventDate "2020.08.14"]
[EventType "team"]

1. e4 c5 2. Nf3 d6 3. d4 cxd4 4. Nxd4 Nf6 5. Nc3 Nc6 6. g3 e5 7. Nde2 Bg4 8. Bg2
Nd4 9. O-O Qb6 10. Qd3 Nxe2+ 11. Nxe2 Rc8 12. Nc3 a6 13. a3 Be7 14. b4 Be6 15.
Nd5 Bxd5 16. exd5 Qc7 17. Ra2 Qc4 18. Qxc4 Rxc4 19. Rd1 Ne4 20. Bf1 Rc7 21. Rd3
O-O 22. Rb3 Nc3 23. Ra1 b5 24. Bb2 Nxd5 25. c3 f5 26. a4 Rb8 27. axb5 axb5 28.
Ra5 Rbc8 29. Rxb5 Nxc3 30. Bxc3 Rxc3 31. Rxc3 Rxc3 32. Rb7 Kf7 33. b5 Ke8 34. b6
Rb3 35. Bc4 Rb1+ 36. Kg2 Bd8 37. Rxg7 Bxb6 38. Rxh7 Rb2 39. Bd5 Rxf2+ 40. Kh3 e4
41. Rb7 Bc5 42. Be6 e3 43. Rb1 Ke7 44. Bc4 Kf6 45. Rf1 Rc2 46. Bd3 Rd2 47. Bb5
d5 48. Re1 d4 49. Re2 Rd1 50. Ba4 Ra1 51. Bc2 Ra2 52. Bd3 Ra3 53. Bb5 d3 54.
Bxd3 Rxd3 55. Kg2 Rd2 56. Kf3 Kg5 57. h3 Rxe2 58. Kxe2 f4 59. g4 Kh4 60. Kf3 Bd6 0-1

[Event "Online Olym Div2 B 2020"]
[Site "chess.com INT"]
[Date "2020.08.16"]
[Round "7.5"]
[Board "5"]
[White "Macovei, Andrei"]
[Black "Lipilin, Ilia"]
[Result "1-0"]
[WhiteTitle "IM"]
[BlackTitle "FM"]
[WhiteElo "2453"]
[BlackElo "2189"]
[WhiteTeam "Moldova"]
[BlackTeam "IPCA"]
[WhiteFideId "13904680"]
[BlackFideId "54113245"]
[EventDate "2020.08.14"]
[EventType "team"]

1. e4 c5 2. Nf3 Nc6 3. d4 cxd4 4. Nxd4 e5 5. Nb5 d6 6. N1c3 a6 7. Na3 b5 8. Nd5
Nce7 9. c4 Nxd5 10. exd5 bxc4 11. Nxc4 f5 12. Bd2 a5 13. Rc1 Nf6 14. Nxa5 Rxa5
15. Rxc8 Qxc8 16. Bxa5 Qc5 17. Qd2 Ne4 18. b4 Qc8 19. Bb5+ Kf7 20. Qb2 Qc3+ 21.
Qxc3 Nxc3 22. Bc6 Be7 23. b5 Na4 24. Ke2 Bd8 25. Bb4 Ke7 26. Rb1 Bb6 27. Rb3 Rb8
28. Ra3 Nc5 29. Ba5 e4 30. Bxb6 Rxb6 31. Ra7+ Kf6 32. a4 Ke5 33. a5 Rb8 34. b6
Nb3 35. b7 Nd4+ 36. Kd1 f4 37. Ra8 f3 38. gxf3 Nxc6 39. dxc6 e3 40. fxe3 Rxb7
41. cxb7 d5 42. b8=Q+ Ke6 43. Ra6+ Kd7 44. Qb7+ 1-0

[Event "Online Olym Div2 B 2020"]
[Site "chess.com INT"]
[Date "2020.08.16"]
[Round "7.5"]
[Board "6"]
[White "Dorozhkina, Mariya"]
[Black "Petricenco, Ana"]
[Result "1-0"]
[WhiteTitle "WFM"]
[WhiteElo "1705"]
[BlackElo "1720"]
[WhiteTeam "IPCA"]
[BlackTeam "Moldova"]
[WhiteFideId "54132185"]
[BlackFideId "13908596"]
[EventDate "2020.08.14"]
[EventType "team"]

1. d4 d6 2. c4 e5 3. Nf3 Nd7 4. e4 Ngf6 5. Nc3 Be7 6. g3 O-O 7. Bg2 c6 8. O-O
exd4 9. Nxd4 Nc5 10. Nf5 Bxf5 11. exf5 a5 12. g4 Nfd7 13. Kh1 Nb6 14. b3 Bf6 15.
Bb2 h6 16. f4 Re8 17. Qf3 a4 18. Nxa4 Ncxa4 19. Bxf6 Qxf6 20. bxa4 Nxc4 21. Rfe1
d5 22. Qg3 Qd6 23. g5 hxg5 24. Qxg5 Ne3 25. Rg1 Qf8 26. f6 g6 27. Bf3 Kh7 28.
Rg3 Nf5 29. Rh3+ Nh6 30. f5 gxf5 31. Qxf5+ Kh8 32. Rg1 Rxa4 33. Bd1 Rae4 34. Bc2
R8e5 35. Qf2 Re2 36. Qh4 1-0

[Event "Online Olym Div2 B 2020"]
[Site "chess.com INT"]
[Date "2020.08.16"]
[Round "8.1"]
[Board "1"]
[White "Mastrovasilis, Dimitrios"]
[Black "Severino, Sander"]
[Result "1/2-1/2"]
[WhiteTitle "GM"]
[BlackTitle "FM"]
[WhiteElo "2604"]
[BlackElo "2364"]
[WhiteTeam "Greece"]
[BlackTeam "IPCA"]
[WhiteFideId "4202694"]
[BlackFideId "5204100"]
[EventDate "2020.08.14"]
[EventType "team"]

1. e4 c6 2. d4 d5 3. Nd2 dxe4 4. Nxe4 Nf6 5. Nxf6+ exf6 6. c3 Bd6 7. Bd3 O-O 8.
Qc2 Re8+ 9. Ne2 h5 10. O-O Qc7 11. h3 Nd7 12. Ng3 Bxg3 13. fxg3 Nf8 14. Bf4 Qb6
15. Rae1 Be6 16. b3 c5 17. Be3 cxd4 18. Bxd4 Qc7 19. Re3 Bd7 20. Ref3 Bc6 21.
Rf4 Rad8 22. Qd1 Rd5 23. Bf5 Ng6 24. Qxh5 Nxf4 25. Qh7+ Kf8 26. Rxf4 Rxd4 27.
cxd4 Re2 28. Be4 Bxe4 29. Rxe4 Rxe4 30. Qxe4 Qxg3 31. d5 Qd6 32. Qd4 Qb6 33.
Qxb6 axb6 34. Kf2 Ke7 35. Ke3 Kd6 36. Kd4 f5 37. h4 g6 38. a4 f6 39. g3 Kd7 40.
Kc4 Kd6 41. Kd4 Kd7 42. Kc4 Kd6 43. Kd4 1/2-1/2

[Event "Online Olym Div2 B 2020"]
[Site "chess.com INT"]
[Date "2020.08.16"]
[Round "8.1"]
[Board "2"]
[White "Gurbanov, Andrei"]
[Black "Halkias, Stelios"]
[Result "1-0"]
[WhiteTitle "IM"]
[BlackTitle "GM"]
[WhiteElo "2298"]
[BlackElo "2563"]
[WhiteTeam "IPCA"]
[BlackTeam "Greece"]
[WhiteFideId "13503391"]
[BlackFideId "4201809"]
[EventDate "2020.08.14"]
[EventType "team"]

1. d4 Nf6 2. c4 e6 3. Nf3 c5 4. d5 d6 5. Nc3 exd5 6. cxd5 g6 7. e4 Bg7 8. Nd2
O-O 9. Be2 Re8 10. O-O Nbd7 11. Re1 Ne5 12. h3 g5 13. Nf1 h6 14. Ng3 a6 15. a4
Bd7 16. f4 gxf4 17. Bxf4 Rb8 18. Qd2 Kh7 19. Rf1 b5 20. axb5 axb5 21. Kh1 c4 22.
Ra7 Ra8 23. Rxa8 Qxa8 24. Nd1 Qd8 25. Ne3 Ng6 26. Qc2 Qe7 27. e5 dxe5 28. Nef5
Bxf5 29. Nxf5 Qd7 30. Bc1 Qxd5 31. Nxh6 Bxh6 32. Rxf6 Kg7 33. Rf5 Bxc1 34. Qxc1
Qd4 35. Bh5 Re6 36. Qg5 Qd6 37. Qe3 Rf6 38. Rg5 Qd4 39. Qc1 Rf2 40. Bxg6 fxg6
41. Rg4 e4 42. Qg5 Rf1+ 43. Kh2 Qg1+ 44. Kg3 Qf2+ 45. Kh2 Qg1+ 46. Kg3 Rf3+ 47.
Kh4 Qf2+ 48. g3 Rf6 49. Qxb5 Qa7 50. Qe5 e3 51. Rf4 Qb6 52. Qe7+ Kh6 53. Qxf6 1-0

[Event "Online Olym Div2 B 2020"]
[Site "chess.com INT"]
[Date "2020.08.16"]
[Round "8.1"]
[Board "3"]
[White "Tsolakidou, Stavroula"]
[Black "Aleksandrova, Aleksandra"]
[Result "1-0"]
[WhiteTitle "IM"]
[BlackTitle "WFM"]
[WhiteElo "2391"]
[BlackElo "1791"]
[WhiteTeam "Greece"]
[BlackTeam "IPCA"]
[WhiteFideId "4264312"]
[BlackFideId "4144198"]
[EventDate "2020.08.14"]
[EventType "team"]

1. e4 d5 2. exd5 Qxd5 3. Nc3 Qa5 4. Bc4 c6 5. d3 e6 6. Bd2 Qc7 7. Nf3 Bd6 8. Ne4
Be7 9. Bc3 Nf6 10. Nxf6+ Bxf6 11. Bxf6 gxf6 12. Qd2 h5 13. O-O-O b5 14. Bb3 a5
15. a3 c5 16. Rhe1 Bb7 17. a4 b4 18. Qe3 Qe7 19. d4 Bxf3 20. Qxf3 Ra7 21. d5 e5
22. d6 Qd8 23. Qd5 Qd7 24. Rxe5+ fxe5 25. Qxe5+ Kd8 26. Qxh8+ Qe8 27. Qxh5 Na6
28. Bc4 Qxa4 29. Qg5+ Kc8 30. d7+ Rxd7 31. Bxa6+ Kb8 32. Rxd7 Qxd7 33. Qxc5 1-0

[Event "Online Olym Div2 B 2020"]
[Site "chess.com INT"]
[Date "2020.08.16"]
[Round "8.1"]
[Board "4"]
[White "Jennitha, Anto K."]
[Black "Pavlidou, Ekaterini"]
[Result "0-1"]
[WhiteTitle "WIM"]
[BlackTitle "WIM"]
[WhiteElo "2001"]
[BlackElo "2170"]
[WhiteTeam "IPCA"]
[BlackTeam "Greece"]
[WhiteFideId "5018218"]
[BlackFideId "4213262"]
[EventDate "2020.08.14"]
[EventType "team"]

1. e4 c5 2. Nf3 Nc6 3. d4 cxd4 4. Nxd4 e5 5. Nb5 d6 6. N1c3 a6 7. Na3 Be6 8. Nd5
Nf6 9. Bg5 Qa5+ 10. Bd2 Qd8 11. Nxf6+ Qxf6 12. c3 Qg6 13. Qe2 Be7 14. g3 O-O 15.
Bg2 f5 16. f4 Rae8 17. O-O Kh8 18. b3 exf4 19. Bxf4 d5 20. exf5 Bxf5 21. Qb2
Bc5+ 22. Kh1 Be4 23. b4 Bb6 24. Rfe1 Bxg2+ 25. Qxg2 Qd3 26. Rac1 Qxc3 27. Bd2
Qxa3 0-1

[Event "Online Olym Div2 B 2020"]
[Site "chess.com INT"]
[Date "2020.08.16"]
[Round "8.1"]
[Board "5"]
[White "Alexakis, Dimitris"]
[Black "Petrov, Maksim"]
[Result "1-0"]
[WhiteTitle "FM"]
[WhiteElo "2450"]
[BlackElo "1642"]
[WhiteTeam "Greece"]
[BlackTeam "IPCA"]
[WhiteFideId "4277023"]
[BlackFideId "24216836"]
[EventDate "2020.08.14"]
[EventType "team"]

1. e4 e5 2. Nf3 Nc6 3. Bc4 Nf6 4. d3 h6 5. c3 g6 6. b4 a6 7. Qb3 Qe7 8. a4 Bg7
9. Nbd2 O-O 10. O-O d6 11. Re1 Nd7 12. a5 Kh8 13. Nf1 f5 14. exf5 gxf5 15. d4
Qf6 16. dxe5 dxe5 17. Ne3 e4 18. Nd5 Qd6 19. Bf4 Nde5 20. Nh4 Qd8 21. g3 Nxc4
22. Qxc4 Be6 23. Ng6+ Kg8 24. Rad1 Re8 25. Nde7+ Kf7 26. Qe2 Qb8 27. Nxc6 bxc6
28. Qh5 Kg8 29. Bxh6 Bf7 30. Bxg7 Kxg7 31. Qg5 Qb5 32. Rd7 1-0